| 000 | 02287nam a2200445 c 4500 | ||
|---|---|---|---|
| 999 |
_c389789 _d389789 |
||
| 003 | BLK | ||
| 005 | 20201008142411.0 | ||
| 008 | 180410b bul|||||r ||||||| ||bul|| | ||
| 010 | _aKNG00153738000 | ||
| 020 | _a9786197058895 | ||
| 040 | _aBLK | ||
| 041 |
_aBUL _cBUL |
||
| 072 | 7 |
_2bullib _aН37 _xОбразование. Педагогика Н |
|
| 080 |
_aОснови на възпитанието (материални, теоретични, философски и др.). Педагогика _b37.01 _x(497.2) _z37.01(497.2) |
||
| 080 |
_aНаука. Наукознание. Организация на умствения труд _b001 _x(497.2) _z001(497.2) |
||
| 100 |
_aВълчев, Кристиян Пламенов _eпърви автор _9435105 |
||
| 139 |
_aВълчев, Кристиян Пламенов _bВ 95 |
||
| 245 | 1 | 0 |
_aПроблеми и перспективи при формиране на човешкия капитал в сферата на образованието в България _cКристиян Вълчев. |
| 257 | _aBGR | ||
| 260 |
_aРусе _bЛени Ан _c2020 _n978-619-7058- ; 978-954-8190- _9209554 |
||
| 300 |
_a304 с. с. _bс табл., диагр. _c20 см |
||
| 380 | _a3 | ||
| 500 | _aРец.: Румен Калчев, Юлия Дончева, Елица Петрова. - Библиогр.: с. 290-299. | ||
| 650 | 4 |
_aОбразование и просвета - България _9262383 |
|
| 651 | 4 |
_aБългария _9241624 |
|
| 653 | _aобразование | ||
| 653 | _aчовешки ресурси | ||
| 659 | _aН | ||
| 856 | 4 | _qpdf | |
| 856 | 4 | _qpdf | |
| 942 |
_cKNG _n0 _s1 |
||
| 944 |
_aCR _c2020-10-08 _kТД |
||
| 944 |
_aED _c26.08.2014 |
||
| 999 | _d389789 | ||
| 999 | _d147525 | ||